000 00666nam a22002057a 4500
999 _c3046
_d3046
001 3046
003 BD-JhCC
005 20180306192251.0
008 171109b1995 bg ||||| |||| 00| 0 ben d
035 _a(BD-JhCC)
040 _aBD-JhCC
_dBD-JhCC
041 _aben
082 _a923.1
_bAHA 1995
100 _aআহমদ, শাহাবুদ্দীন
245 _aনজরুলের পত্রাবলী /
_cশাহাবুদ্দীন আহমদ
260 _aঢাকা:
_bনজরুল ইন্সটিটিউট;
_c১৯৯৫
300 _a১১৫ পৃ.;
_c২২ সেমি
650 _aLetter of Nazrul
942 _2ddc
_cBK